000 00366nam a2200145Ia 4500
008 140626s9999 xx 000 0 und d
100 _aRivera, Aurora.
245 4 _aThe value of education /
_cAurora Rivera.
260 _cc2012.
300 _a61 : 7, page 243
440 _aThe Modern Teacher
521 _aSPED
650 _aValue of education.
942 _cSE
999 _c120983
_d120983